000 00694nam a2200253 a 4500
003 AR-BaBNM
005 20251128210608.0
008 082120s2002 ||||||||||||||000 | spa||
020 _a987-95994-1-1
040 _cAR-BaBNM
100 1 _aHunt, Patricio Julio
245 0 0 _aHistoria de los subtes de Buenos Aires
260 _aBuenos Aires
_bMompracem
_c1998
300 _a173 p.
_bláms.
490 0 _aLos insomnes
500 _aContiene apéndice para consultar
650 4 _aHISTORIA ARGENTINA
650 4 _aTRANSPORTE FERROVIARIO
650 4 _aHISTORIA DEL TRANSPORTE
650 4 _aHISTORIA DE BUENOS AIRES
650 4 _aGENERACION DE 1880
942 _cBK
998 _cMariana
999 _c16091
_d16091